Bundesstaaten der USA - Hauptstädte - Statistiken

Allgemein
  • Dieses Quiz wurde 624 mal gespielt
  • Das Durchschnittsergebnis liegt bei 27 aus 50
Antwortstatistiken
Bundesstaat Hauptstadt % Korrekt
Kalifornien Sacramento
81%
Colorado Denver
80%
Texas Austin
77%
Hawaii Honolulu
77%
Arizona Phoenix
77%
Massachusetts Boston
75%
Georgia Atlanta
73%
Indiana Indianapolis
73%
Oklahoma Oklahoma City
71%
Utah Salt Lake City
69%
New York Albany
67%
Alaska Juneau
65%
Florida Tallahassee
65%
Ohio Columbus
62%
Kentucky Frankfort
59%
Alabama Montgomery
58%
Illinois Springfield
58%
Louisiana Baton Rouge
57%
Tennessee Nashville
57%
North Dakota Bismarck
56%
Idaho Boise
56%
Mississippi Jackson
56%
Arkansas Little Rock
55%
Montana Helena
52%
Oregon Salem
52%
New Mexico Santa Fe
52%
Washington Olympia
51%
Iowa Des Moines
50%
Nevada Carson City
49%
Delaware Dover
49%
Conneticut Hartford
49%
Maryland Annapolis
48%
South Carolina Columbia
46%
Michigan Lansing
46%
Kansas Topeka
46%
Rhode Island Providence
45%
North Carolina Raleigh
45%
Nebraska Lincoln
44%
Minnesota Saint Paul
44%
Wyoming Cheyenne
43%
Pennsylvania Harrisburg
43%
South Dakota Pierre
43%
Maine Augusta
42%
Virginia Richmond
42%
West Virginia Charleston
40%
Missouri Jefferson City
40%
New Jersey Trenton
37%
Wisconsin Madison
35%
Vermont Montpelier
34%
New Hampshire Concord
31%
Keine übereinstimmenden Quizze gefunden
Verteilung der Resultate
Anzahl Personen mit jedem Resultat
Perzentil nach korrekt beantworteten Fragen
Ihre Resultats-Entwicklung
Sie haben dieses Quiz noch nicht gespielt